000 00267nam a22001217a 4500
020 _a0-7214--1639-4
082 _a823
_bDAL/J
100 _aDALY, AUDREY
245 _aJACK AND THE BEANSTALK
260 _aUK
_bLADYBIRD
650 _aENGLISH SHORT STORY
_zUK
942 _cBK
999 _c4009
_d4009